书目信息 |
| 题名: |
应用语言学研究方法与论文写作
|
|
| 作者: | 文秋芳 , 俞洪亮 , 周维杰 著 | |
| 分册: | ||
| 出版信息: | 北京 外语教学与研究出版社 2001 |
|
| 页数: | 430页 | |
| 开本: | 20cm | |
| 丛书名: | ||
| 单 册: | ||
| 中图分类: | H08 | |
| 科图分类: | ||
| 主题词: | 应用语言学--论文--写作 , 应用语言学 , 写作 , 应用语言学--研究方法 , 论文 , 研究方法 | |
| 电子资源: | ||
| ISBN: | 7-5600-2365-7 | |
| 000 | 00853oam2 2200289 450 | |
| 001 | 002860114 | |
| 005 | 20070706101515.15 | |
| 010 | @a7-5600-2365-7@dCNY17.90 | |
| 100 | @a20050204d2001 em y0chiy0110 ea | |
| 101 | 0 | @achi |
| 102 | @aCN@b110000 | |
| 105 | @ay z 000yy | |
| 200 | 1 | @a应用语言学研究方法与论文写作@9ying yong yu yan xue yan jiu fang fa yu lun wen xie zuo@f文秋芳著@Fwen qiu fang zhu |
| 210 | @a北京@c外语教学与研究出版社@d2001 | |
| 215 | @a430页@d20cm | |
| 606 | 0 | @a应用语言学@x论文@x写作 |
| 606 | 0 | @a应用语言学 |
| 606 | 0 | @a写作 |
| 606 | 0 | @a应用语言学@x研究方法 |
| 606 | 0 | @a论文 |
| 606 | 0 | @a研究方法 |
| 690 | @aH08@v4 | |
| 701 | 0 | @a文秋芳@9wen qiu fang@c(女)@4著 |
| 701 | 0 | @a俞洪亮@9yu hong liang@4著 |
| 701 | 0 | @a周维杰@9zhou wei jie@f(1962~)@4著 |
| 801 | 0 | @aCN@bNLC@c20070706 |
| 905 | @a10447@dH08@e137 | |
| 应用语言学研究方法与论文写作/文秋芳著.-北京:外语教学与研究出版社,2001 |
| 430页;20cm |
| ISBN 7-5600-2365-7:CNY17.90 |
| ● |
| 相关链接 |
|
|
|
|
正题名:应用语言学研究方法与论文写作
索取号:H08/137
 
预约/预借
| 序号 | 登录号 | 条形码 | 馆藏地/架位号 | 状态 | 备注 |
| 1 | 0762985 | 207629850 | 第二样本阅览室/ [索取号:H08/137] | 在馆 | |
| 2 | 0764590 | 207645903 | 密集书库/ [索取号:H08/137] | 在馆 | |
| 3 | 0764667 | 207646671 | 密集书库/ [索取号:H08/137] | 在馆 |